Egyptian Pediatric Association Gazette: (Record no. 40802)
[ view plain ]
| 000 -LEADER | |
|---|---|
| fixed length control field | 01054nam a2200289Ii 4500 |
| 008 - FIXED-LENGTH DATA ELEMENTS--GENERAL INFORMATION | |
| fixed length control field | 211104s9999 xx 000 0 und d |
| 022 ## - INTERNATIONAL STANDARD SERIAL NUMBER | |
| International Standard Serial Number | 1110-6638 |
| 022 ## - INTERNATIONAL STANDARD SERIAL NUMBER | |
| International Standard Serial Number | 2090-9942 |
| 041 ## - LANGUAGE CODE | |
| Language code of text/sound track or separate title | eng |
| 245 #0 - TITLE STATEMENT | |
| Title | Egyptian Pediatric Association Gazette: |
| 264 ## - PRODUCTION, PUBLICATION, DISTRIBUTION, MANUFACTURE, AND COPYRIGHT NOTICE | |
| Place of production, publication, distribution, manufacture | United Kingdom: |
| Name of producer, publisher, distributor, manufacturer | SpringerOpen |
| 264 ## - PRODUCTION, PUBLICATION, DISTRIBUTION, MANUFACTURE, AND COPYRIGHT NOTICE | |
| Name of producer, publisher, distributor, manufacturer | Egyptian Pediatric Association |
| 336 ## - CONTENT TYPE | |
| Source | rdacontent |
| Content type term | text |
| Content type code | txt |
| 337 ## - MEDIA TYPE | |
| Source | rdamedia |
| Media type term | computer |
| Media type code | c |
| 338 ## - CARRIER TYPE | |
| Source | rdacarrier |
| Carrier type term | online resource |
| Carrier type code | cr |
| 540 ## - TERMS GOVERNING USE AND REPRODUCTION NOTE | |
| -- | CC BY |
| Uniform Resource Identifier | <a href="https://www.springeropen.com/get-published/copyright">https://www.springeropen.com/get-published/copyright</a> |
| 540 ## - TERMS GOVERNING USE AND REPRODUCTION NOTE | |
| Uniform Resource Identifier | <a href="https://epag.springeropen.com/about">https://epag.springeropen.com/about</a> |
| 540 ## - TERMS GOVERNING USE AND REPRODUCTION NOTE | |
| Uniform Resource Identifier | <a href="https://epag.springeropen.com/articles/10.1186/s43054-019-0002-x">https://epag.springeropen.com/articles/10.1186/s43054-019-0002-x</a> |
| 540 ## - TERMS GOVERNING USE AND REPRODUCTION NOTE | |
| Uniform Resource Identifier | <a href="https://www.springeropen.com/get-published/copyright/copyright-and-license-agreement">https://www.springeropen.com/get-published/copyright/copyright-and-license-agreement</a> |
| 653 ## - INDEX TERM--UNCONTROLLED | |
| Uncontrolled term | Paediatric surgery |
| 653 ## - INDEX TERM--UNCONTROLLED | |
| Uncontrolled term | Paediatrics |
| 653 ## - INDEX TERM--UNCONTROLLED | |
| Uncontrolled term | Child health |
| 710 2# - ADDED ENTRY--CORPORATE NAME | |
| Corporate name or jurisdiction name as entry element | The Directory of Open Access Journals |
| 856 ## - ELECTRONIC LOCATION AND ACCESS | |
| Uniform Resource Identifier | <a href="https://doaj.org/toc/73658a90289a46c4b19c51364e66c02b">https://doaj.org/toc/73658a90289a46c4b19c51364e66c02b</a> |
| 856 ## - ELECTRONIC LOCATION AND ACCESS | |
| Uniform Resource Identifier | <a href="https://epag.springeropen.com/">https://epag.springeropen.com/</a> |
| 942 ## - ADDED ENTRY ELEMENTS (KOHA) | |
| Koha item type | E-JOURNALS |
| Withdrawn status | Damaged status | Not for loan | Home library | Current library | Date acquired | Total Checkouts | Date last seen | Price effective from | Koha item type |
|---|---|---|---|---|---|---|---|---|---|
| The Directory of Open Access Journals | The Directory of Open Access Journals | 11/04/2021 | 11/04/2021 | 11/04/2021 | E-JOURNALS |